[Event "XIX Auto Veteranos G-B"]
[Site "?"]
[Date "2021.??.??"]
[Round "1.1"]
[White "Lorente, Antonio"]
[Black "Antoñano, Avelino"]
[Result "0-1"]
[WhiteElo "1557"]
[BlackElo "2044"]
[PlyCount "42"]
[EventDate "2021.05.25"]

1. e4 c5 2. Nf3 g6 3. d4 cxd4 4. Nxd4 Nc6 5. c3 Bg7 6. Bc4 Nf6 7. Nxc6 bxc6 8.
e5 Nd5 9. Bxd5 cxd5 10. Qxd5 Ba6 11. c4 Rc8 12. Nd2 Qc7 13. f4 Bb7 14. Qb5 Bxg2
15. Rg1 Bc6 16. Qb3 O-O 17. Qg3 d6 18. exd6 exd6 19. Rb1 d5 20. b3 Rfe8+ 21.
Kf1 Qe7 0-1

[Event "XIX Auto Veteranos G-B"]
[Site "?"]
[Date "2021.??.??"]
[Round "1.3"]
[White "Úbeda, Ángel"]
[Black "Hernández, Gabriel"]
[Result "0-1"]
[WhiteElo "1381"]
[BlackElo "1870"]
[PlyCount "34"]
[EventDate "2021.05.25"]

1. d4 c5 2. Bf4 Qb6 3. Na3 cxd4 4. Nf3 Nc6 5. Nc4 Qb4+ 6. Nfd2 d5 7. a3 Qb5 8.
Ne5 f6 9. Nd3 Bf5 10. Nb3 e5 11. Bg3 Qb6 12. h3 a5 13. c3 Bxd3 14. exd3 a4 15.
Nd2 Qxb2 16. cxd4 Nxd4 17. Qb1 Qxa1 0-1

[Event "XIX Auto Veteranos G-B"]
[Site "?"]
[Date "2021.??.??"]
[Round "1.4"]
[White "Sarto, Ángel"]
[Black "López Carcas, Jesús"]
[Result "1-0"]
[WhiteElo "1816"]
[BlackElo "1314"]
[PlyCount "70"]
[EventDate "2021.05.25"]

1. b3 e5 2. Bb2 d6 3. e3 c6 4. c4 Nf6 5. Nf3 Bg4 6. Be2 Nbd7 7. d4 Qc7 8. Nc3
e4 9. Nd2 Bxe2 10. Qxe2 d5 11. O-O Bd6 12. g3 h5 13. cxd5 cxd5 14. Nb5 Qb6 15.
Nxd6+ Qxd6 16. a4 O-O-O 17. f4 Ng4 18. h3 f5 19. hxg4 hxg4 20. Kg2 Rh3 21. Rh1
Rdh8 22. Rxh3 Rxh3 23. Rh1 Qh6 24. Qf1 Nb8 25. Rxh3 Qxh3+ 26. Kf2 Qh6 27. Ba3
b6 28. Be7 Qc6 29. Qb5 Kd7 30. Bf8 g6 31. b4 a6 32. Qxc6+ Nxc6 33. Nb3 Ke8 34.
b5 a5 35. bxc6 Kxf8 1-0

[Event "XIX Auto Veteranos G-B"]
[Site "?"]
[Date "2021.??.??"]
[Round "1.5"]
[White "Lasierra, Javier"]
[Black "Sánchez Vallés, José María"]
[Result "0-1"]
[WhiteElo "1307"]
[BlackElo "1727"]
[PlyCount "98"]
[EventDate "2021.05.25"]

1. e4 d5 2. e5 d4 3. h3 e6 4. d3 c5 5. b3 Nc6 6. Nf3 Nge7 7. Bf4 Nd5 8. Bh2 Be7
9. Be2 Bg5 10. O-O Bf4 11. Re1 Bxh2+ 12. Kxh2 O-O 13. Bf1 b6 14. Qd2 Bb7 15.
Qg5 Nce7 16. Qh4 Ng6 17. Qxd8 Rfxd8 18. Nfd2 h6 19. g3 Nb4 20. Na3 Rab8 21. f4
Ne7 22. Ne4 Ned5 23. Bg2 Ne3 24. Re2 Nxg2 25. Kxg2 Kh7 26. g4 f5 27. exf6 gxf6
28. Kg3 f5 29. Nf6+ Kg6 30. Nh5 Re8 31. Rae1 Bd5 32. gxf5+ Kxh5 33. fxe6 a6 34.
Re5+ Kg6 35. f5+ Kf6 36. Kf4 Ke7 37. Rg1 Rg8 38. Rg4 Rbd8 39. h4 Rxg4+ 40. Kxg4
Rg8+ 41. Kh5 Kf6 42. Re1 Kxf5 43. e7 Kf6 44. e8=Q Rxe8 45. Rf1+ Kg7 46. Nc4
Bf7+ 47. Kg4 Nxc2 48. Kf4 Bxc4 49. bxc4 Rf8+ 0-1

[Event "XIX Auto Veteranos G-B"]
[Site "?"]
[Date "2021.??.??"]
[Round "1.7"]
[White "Pinilla, José Carlos"]
[Black "García, Obdulio"]
[Result "0-1"]
[WhiteElo "1157"]
[BlackElo "1638"]
[PlyCount "70"]
[EventDate "2021.05.25"]

1. e4 c5 2. c4 g6 3. Nc3 Bg7 4. Nf3 d6 5. d3 Nc6 6. Be2 Nf6 7. Bg5 O-O 8. O-O
Bd7 9. b3 a6 10. a3 b5 11. cxb5 axb5 12. Nxb5 Qb6 13. d4 Nxd4 14. Nfxd4 Bxb5
15. Nxb5 Nxe4 16. Ra2 Nxg5 17. a4 Ne6 18. Qd2 Nd4 19. Nxd4 Bxd4 20. Bc4 e6 21.
a5 Qb4 22. Qd3 d5 23. Ra4 dxc4 24. Qxc4 Qxc4 25. bxc4 Rfb8 26. g3 Rb4 27. Rxb4
cxb4 28. Rb1 Bc3 29. c5 Rxa5 30. c6 Rc5 31. Rd1 Rxc6 32. Rc1 Ra6 33. Kg2 Ra1
34. Rc2 b3 35. Rxc3 b2 0-1

[Event "XIX Auto Veteranos G-B"]
[Site "?"]
[Date "2021.??.??"]
[Round "1.8"]
[White "Navarro, Jesús"]
[Black "Modrego, Aurelio"]
[Result "1-0"]
[WhiteElo "1625"]
[BlackElo "1056"]
[PlyCount "50"]
[EventDate "2021.05.25"]

1. e4 c5 2. Nf3 d6 3. d4 cxd4 4. Nxd4 Nc6 5. Nc3 g6 6. Be3 Bg7 7. Qd2 Nxd4 8.
Bxd4 e5 9. Be3 a6 10. O-O-O Bf8 11. Nd5 f6 12. Bb6 Qd7 13. Nc7+ Kf7 14. Bc4+
Kg7 15. Nxa8 Qc6 16. Qd5 Qxd5 17. Bxd5 Ne7 18. Nc7 Nxd5 19. Nxd5 Be6 20. Bd8
Bxd5 21. Rxd5 Kf7 22. Rhd1 Bh6+ 23. Kb1 Rxd8 24. Rxd6 Rxd6 25. Rxd6 Ke7 1-0

[Event "XIX Auto Veteranos G-B"]
[Site "?"]
[Date "2021.??.??"]
[Round "2.1"]
[White "Antoñano, Avelino"]
[Black "Navarro, Jesús"]
[Result "0-1"]
[WhiteElo "2044"]
[BlackElo "1625"]
[PlyCount "75"]
[EventDate "2021.05.25"]

1. e4 c5 2. Nf3 e6 3. Nc3 a6 4. g3 Nc6 5. d4 cxd4 6. Nxd4 Qc7 7. Bg2 Nf6 8. O-O
Bc5 9. Be3 Nxd4 10. Bxd4 e5 11. Bxc5 Qxc5 12. Kh1 O-O 13. Qd2 Rd8 14. f4 d6 15.
f5 b5 16. h3 b4 17. Nd5 Nxd5 18. exd5 f6 19. a3 bxa3 20. Rxa3 Bd7 21. g4 Rdb8
22. c3 Qb6 23. b3 Qc5 24. Rfa1 Rb6 25. Bf1 Bc8 26. b4 Qc7 27. c4 Rab8 28. Rb1
h6 29. Bd3 Bd7 30. h4 Qd8 31. Be4 Qc8 32. Qc3 h5 33. Rab3 hxg4 34. Qd3 Kf7 35.
Kg2 Qh8 36. Kg3 Qh6 37. Kxg4 Qf4+ 38. Kh3 0-1

[Event "XIX Auto Veteranos G-B"]
[Site "?"]
[Date "2021.??.??"]
[Round "2.2"]
[White "Sánchez Vallés, José María"]
[Black "Pes, Ángel"]
[Result "1/2-1/2"]
[WhiteElo "1727"]
[BlackElo "1922"]
[PlyCount "103"]
[EventDate "2021.05.25"]

1. e4 c5 2. Ne2 d5 3. exd5 Qxd5 4. Nbc3 Qd8 5. d4 e6 6. Be3 cxd4 7. Qxd4 Qxd4
8. Nxd4 a6 9. O-O-O Bd7 10. Be2 Nc6 11. Bf3 Rc8 12. Nxc6 Bxc6 13. Bxc6+ Rxc6
14. Rd3 Be7 15. Rhd1 Nf6 16. Bg5 O-O 17. Ne4 Rfc8 18. c3 b5 19. Nxf6+ Bxf6 20.
Bxf6 gxf6 21. Kc2 f5 22. Rd8+ Rxd8 23. Rxd8+ Kg7 24. f4 Kf6 25. Rh8 Kg7 26. Rd8
h5 27. b3 Kf6 28. Rh8 Kg6 29. Rg8+ Kh7 30. Rg3 Rc5 31. Rd3 Rc6 32. a4 Kg6 33.
axb5 axb5 34. Rg3+ Kf6 35. Rh3 Ra6 36. Kb2 Rd6 37. Ka3 Rd2 38. g3 Kg6 39. Kb4
Rd3 40. c4 bxc4 41. bxc4 f6 42. c5 e5 43. c6 Rd1 44. fxe5 fxe5 45. Rh4 Rb1+ 46.
Kc5 e4 47. Rf4 e3 48. c7 Rc1+ 49. Rc4 Rxc4+ 50. Kxc4 e2 51. c8=Q e1=Q 52. Qg8+
1/2-1/2

[Event "XIX Auto Veteranos G-B"]
[Site "?"]
[Date "2021.??.??"]
[Round "2.4"]
[White "García, Obdulio"]
[Black "Sarto, Ángel"]
[Result "0-1"]
[WhiteElo "1638"]
[BlackElo "1816"]
[PlyCount "130"]
[EventDate "2021.05.25"]

1. d4 d5 2. c4 c6 3. cxd5 cxd5 4. e3 Nf6 5. Nf3 Nc6 6. Be2 Bf5 7. a3 e6 8. O-O
Bd6 9. Nbd2 h6 10. b4 O-O 11. Bb2 Nd7 12. Nb3 Qb8 13. Nc5 Rd8 14. Re1 Nxc5 15.
dxc5 Bc7 16. h3 a6 17. Nd4 Nxd4 18. Qxd4 e5 19. Qh4 f6 20. Bg4 Qc8 21. Bxf5
Qxf5 22. Red1 Qe6 23. Rd2 Qc6 24. Rad1 a5 25. Qg4 axb4 26. axb4 Ra2 27. Ra1
Rxa1+ 28. Bxa1 b6 29. cxb6 Bxb6 30. Qd1 Qb5 31. Qb3 Kf8 32. Rc2 Ke7 33. Bc3 Rc8
34. Bd2 Rc4 35. Rxc4 Qxc4 36. Qa3 Ke6 37. Qb2 d4 38. exd4 Bxd4 39. Qc1 Qxc1+
40. Bxc1 Kd5 41. Ba3 Kc4 42. Kf1 Kb3 43. Bc1 Kxb4 44. f3 f5 45. Ke2 Kc4 46. Ba3
g6 47. Bf8 h5 48. Be7 e4 49. fxe4 fxe4 50. Bg5 Kd5 51. Bf4 Ke6 52. Bb8 Kf5 53.
Bc7 Be5 54. Bb6 Kf4 55. Be3+ Kg3 56. Kf1 Bc3 57. Bf2+ Kf4 58. Ke2 g5 59. Be3+
Kf5 60. Bb6 Be5 61. Ke3 Bf4+ 62. Ke2 g4 63. hxg4+ Kxg4 64. Bg1 Kg3 65. Kf1 e3
0-1

[Event "XIX Auto Veteranos G-B"]
[Site "?"]
[Date "2021.??.??"]
[Round "2.5"]
[White "Pellicer, Rafael José"]
[Black "Casterá, Rafael"]
[Result "0-1"]
[WhiteElo "1614"]
[BlackElo "1656"]
[PlyCount "120"]
[EventDate "2021.05.25"]

1. d4 Nf6 2. c4 e5 3. Nc3 exd4 4. Qxd4 Nc6 5. Qd3 Bc5 6. a3 O-O 7. Nf3 a5 8.
Nd5 Ng4 9. e3 Nge5 10. Nxe5 Nxe5 11. Qc2 c6 12. Nc3 Qh4 13. Qe4 Qf6 14. Be2 d6
15. O-O Bf5 16. Qf4 Rad8 17. h3 Ng6 18. Ne4 Qe6 19. Nxc5 Nxf4 20. Nxe6 Nxe2+
21. Kh2 Bxe6 22. Bd2 Bxc4 23. Bxa5 Ra8 24. Bc7 d5 25. Rfe1 d4 26. exd4 Nxd4 27.
Re4 Nb5 28. Bb6 Bd5 29. Re7 Rfe8 30. Rxe8+ Rxe8 31. a4 Nd6 32. b4 Re2 33. Rd1
Ra2 34. a5 Nc4 35. Bc5 h6 36. Re1 Be6 37. Rd1 Rd2 38. Ra1 Ne5 39. a6 bxa6 40.
Rxa6 Bd5 41. Be3 Rc2 42. Ra8+ Kh7 43. Rb8 Nd3 44. Kg1 Rb2 45. Bd4 Rxb4 46. Rxb4
Nxb4 47. f4 f6 48. g4 Kg6 49. Kh2 Kf7 50. Kg3 Nd3 51. h4 c5 52. Bc3 c4 53. g5
fxg5 54. fxg5 h5 55. Bd4 g6 56. Bf6 Ke6 57. Bc3 Kf5 58. Bd2 Ke4 59. Bc3 Nc1 60.
Kf2 Na2 0-1

[Event "XIX Auto Veteranos G-B"]
[Site "?"]
[Date "2021.??.??"]
[Round "2.6"]
[White "López Carcas, Jesús"]
[Black "Lorente, Antonio"]
[Result "1-0"]
[WhiteElo "1314"]
[BlackElo "1557"]
[PlyCount "67"]
[EventDate "2021.05.25"]

1. e4 e5 2. f4 d5 3. exd5 e4 4. Bc4 f5 5. d3 Nf6 6. Nh3 Nbd7 7. a3 Nb6 8. Bb5+
Bd7 9. Bxd7+ Qxd7 10. c4 Bc5 11. d4 Be7 12. Ng5 O-O-O 13. b3 Rde8 14. O-O h6
15. Nf7 Rh7 16. Nc3 Bd6 17. Ne5 Bxe5 18. dxe5 Ng8 19. Qd4 Ne7 20. Be3 g5 21. a4
gxf4 22. Bxf4 Nc6 23. Qc5 Qe7 24. d6 cxd6 25. exd6 Qg7 26. Nb5 Rg8 27. g3 Nd7
28. Qxf5 a6 29. Nc7 Nd4 30. Qxe4 Nc5 31. Qd5 Ne2+ 32. Kh1 Nxf4 33. Qxc5 Nd3 34.
Qf5+ 1-0

[Event "XIX Auto Veteranos G-B"]
[Site "?"]
[Date "2021.??.??"]
[Round "2.7"]
[White "Argüeso, Manuel"]
[Black "Lasierra, Javier"]
[Result "0-1"]
[WhiteElo "1515"]
[BlackElo "1307"]
[PlyCount "128"]
[EventDate "2021.05.25"]

1. d4 Nf6 2. c4 e6 3. g3 h6 4. Bg2 Be7 5. Nf3 O-O 6. Nc3 c6 7. O-O d5 8. b3 a6
9. Bb2 b5 10. c5 Nh7 11. Re1 Ng5 12. Qc2 Nd7 13. e4 Nxe4 14. Nxe4 dxe4 15. Qxe4
Bb7 16. Ne5 Nf6 17. Qf3 Nd5 18. Rac1 a5 19. a3 Rc8 20. Qg4 Nf6 21. Qe2 Nd5 22.
Bh3 Bf6 23. Nxf7 Rxf7 24. Bxe6 Rcc7 25. Bxf7+ Rxf7 26. Qe8+ Qxe8 27. Rxe8+ Kh7
28. Rce1 g5 29. Rb8 h5 30. Re6 Kg7 31. Kg2 h4 32. Ree8 Kg6 33. Rg8+ Bg7 34.
Rbd8 hxg3 35. hxg3 g4 36. Rd6+ Nf6 37. Rgd8 Kh7 38. Re6 Nd5 39. Re2 Nf6 40. Rd6
Nd7 41. Bc3 Nxc5 42. dxc5 Bxc3 43. Re4 Rg7 44. Rde6 Bb2 45. Re7 Bc8 46. Rxg7+
Kxg7 47. Re7+ Kf8 48. Rc7 Be6 49. a4 bxa4 50. bxa4 Bd5+ 51. Kf1 Bd4 52. Ra7 Bc3
53. Ke2 Bf3+ 54. Kd3 Bb4 55. Rb7 Bxc5 56. Rb2 Bb4 57. Kd4 Ke7 58. Kc4 Kd6 59.
Rb1 c5 60. Rb2 Kc6 61. Rb1 Bd5+ 62. Kd3 c4+ 63. Ke3 Kc5 64. Kf4 Bf3 0-1

[Event "XIX Auto Veteranos G-B"]
[Site "?"]
[Date "2021.??.??"]
[Round "2.8"]
[White "Domínguez, Jesús"]
[Black "Pinilla, José Carlos"]
[Result "1/2-1/2"]
[WhiteElo "1489"]
[BlackElo "1157"]
[PlyCount "94"]
[EventDate "2021.05.25"]

1. e4 g6 2. f4 e6 3. Nf3 b6 4. d4 Ne7 5. Bd3 Bg7 6. O-O Bb7 7. c3 d5 8. e5 O-O
9. Qe1 Ba6 10. Bxa6 Nxa6 11. g4 c5 12. Nh4 cxd4 13. cxd4 Nc6 14. a3 Nxd4 15.
Qf2 Nb3 16. Ra2 Nxc1 17. Rxc1 Nc5 18. Qg3 Ne4 19. Qe1 Rc8 20. Nc3 Nxc3 21. bxc3
Bh6 22. g5 Bg7 23. Nf3 b5 24. Nd4 Qb6 25. Kg2 Rc4 26. Rb1 a6 27. a4 Qa5 28. Rb4
Rfc8 29. Qb1 Rxb4 30. cxb4 Qb6 31. Qd3 Rc4 32. axb5 Rxd4 33. Qxd4 Qxd4 34. bxa6
Qe4+ 35. Kg3 Qd4 36. b5 Qb6 37. a7 Qe3+ 38. Kg2 Qe4+ 39. Kg3 Qe3+ 40. Kg4 Qg1+
41. Kh3 Qe3+ 42. Kg2 Qe4+ 43. Kf1 Qc4+ 44. Re2 Qa4 45. b6 Qxf4+ 46. Kg1 Qa4 47.
Rb2 Bxe5 1/2-1/2

[Event "XIX Auto Veteranos G-B"]
[Site "?"]
[Date "2021.??.??"]
[Round "2.9"]
[White "Modrego, Aurelio"]
[Black "Úbeda, Ángel"]
[Result "0-1"]
[WhiteElo "1056"]
[BlackElo "1381"]
[PlyCount "60"]
[EventDate "2021.05.25"]

1. e4 c5 2. Nf3 d6 3. d4 cxd4 4. Nxd4 Nf6 5. Nc3 g6 6. h3 Bg7 7. Nb3 Nc6 8. Bb5
Bd7 9. Be3 a6 10. Be2 O-O 11. f3 Qc7 12. Rb1 b5 13. Nd5 Nxd5 14. exd5 Na5 15.
Nxa5 Qxa5+ 16. c3 b4 17. c4 b3+ 18. Bd2 Qxa2 19. Bc3 Bxc3+ 20. bxc3 b2 21. O-O
Bf5 22. Bd3 Bxd3 23. Qxd3 Rfc8 24. Rf2 Qxc4 25. Qxc4 Rxc4 26. Rfxb2 Ra7 27.
Rb8+ Kg7 28. R8b7 Rxb7 29. Rxb7 Kf6 30. Rb6 Rxc3 0-1

[Event "XIX Auto Veteranos G-B"]
[Site "?"]
[Date "2021.??.??"]
[Round "3.1"]
[White "Sarto, Ángel"]
[Black "Hernández, Gabriel"]
[Result "1/2-1/2"]
[WhiteElo "1816"]
[BlackElo "1870"]
[PlyCount "21"]
[EventDate "2021.05.25"]

1. d4 c5 2. e3 d5 3. c3 e6 4. Nf3 Nc6 5. Bd3 Nf6 6. Nbd2 Be7 7. O-O O-O 8. b3
b6 9. Qe2 a6 10. a4 Bb7 11. Ba3 1/2-1/2

[Event "XIX Auto Veteranos G-B"]
[Site "?"]
[Date "2021.??.??"]
[Round "3.2"]
[White "Navarro, Jesús"]
[Black "Sánchez Vallés, José María"]
[Result "1/2-1/2"]
[WhiteElo "1625"]
[BlackElo "1727"]
[PlyCount "54"]
[EventDate "2021.05.25"]

1. e4 d5 2. exd5 Nf6 3. Bb5+ Bd7 4. Be2 Nxd5 5. d4 g6 6. c4 Nb6 7. Nc3 Bg7 8.
c5 Nc8 9. Bf4 e6 10. Nf3 O-O 11. Qd2 Ne7 12. O-O-O Nd5 13. Nxd5 exd5 14. h4 Bg4
15. Ne5 Bxe2 16. Qxe2 Nd7 17. Nxd7 Qxd7 18. h5 Qf5 19. Be3 g5 20. h6 Bh8 21.
Rh5 f6 22. Rdh1 Rae8 23. Qd2 Qe4 24. R1h3 Qxg2 25. Rg3 Qf1+ 26. Kc2 Qc4+ 27.
Kb1 Qf1+ 1/2-1/2

[Event "XIX Auto Veteranos G-B"]
[Site "?"]
[Date "2021.??.??"]
[Round "3.3"]
[White "Pes, Ángel"]
[Black "Antoñano, Avelino"]
[Result "0-1"]
[WhiteElo "1922"]
[BlackElo "2044"]
[PlyCount "128"]
[EventDate "2021.05.25"]

1. d4 Nf6 2. Bf4 e6 3. e3 c5 4. c3 b6 5. Nd2 Bb7 6. Ngf3 Be7 7. Bd3 cxd4 8.
exd4 O-O 9. Qe2 d6 10. h3 Re8 11. O-O Nbd7 12. Rfe1 Bf8 13. Bh2 Qc7 14. Qf1
Rad8 15. Rad1 h6 16. Ba6 Bd5 17. Bc4 Bxc4 18. Nxc4 b5 19. Ne3 a6 20. d5 e5 21.
Qe2 Nb6 22. Qc2 Rc8 23. Qb3 Qc5 24. Re2 a5 25. a3 a4 26. Qa2 Nc4 27. Nd2 Nb6
28. Nf3 g6 29. Kf1 h5 30. Bg1 Bh6 31. Qb1 Nfxd5 32. Nh4 Nxe3+ 33. fxe3 e4 34.
g3 Nc4 35. Rd4 d5 36. Qd1 Re5 37. Ng2 Rd8 38. Bf2 Qc8 39. h4 Qg4 40. Re1 Rf5
41. Qxg4 hxg4 42. Nf4 Bg7 43. Rdd1 Nxb2 44. Rb1 Bxc3 45. Rec1 Bg7 46. Rc5 Nc4
47. Rbxb5 Nxa3 48. Ra5 Bf8 49. Rc6 Nc4 50. Rxa4 Rb8 51. Ra2 Rb1+ 52. Ke2 Rc1
53. Rc8 Kg7 54. Rd8 Nb6 55. Be1 Bc5 56. Ba5 Nc4 57. Bd2 Rh1 58. Rc8 Rh2+ 59.
Kd1 Nxe3+ 60. Bxe3 Rxa2 61. Bxc5 Ra4 62. Rd8 Rc4 63. Bf8+ Kh7 64. Nxd5 Rd4+ 0-1

[Event "XIX Auto Veteranos G-B"]
[Site "?"]
[Date "2021.??.??"]
[Round "3.4"]
[White "Lasierra, Javier"]
[Black "García, Obdulio"]
[Result "1-0"]
[WhiteElo "1307"]
[BlackElo "1638"]
[PlyCount "77"]
[EventDate "2021.05.25"]

1. e4 c5 2. h3 Nc6 3. Nf3 d6 4. Bb5 Bd7 5. O-O g6 6. d3 Bg7 7. c3 Nf6 8. Bg5
O-O 9. Qc1 Re8 10. Nh2 a6 11. Bxc6 Bxc6 12. Ng4 Nxg4 13. hxg4 b5 14. f4 Qc8 15.
f5 d5 16. Qe3 dxe4 17. dxe4 Qb7 18. Nd2 c4 19. Rf3 Rad8 20. Bh6 Rd3 21. Qf4
Red8 22. Bxg7 Kxg7 23. fxg6 Rxf3 24. Nxf3 hxg6 25. Ng5 e6 26. Qe5+ Kg8 27. Rf1
Be8 28. Kh2 Qb8 29. Qxb8 Rxb8 30. Kg3 Rd8 31. Rf2 Kg7 32. Nf3 Rd3 33. Kf4 f6
34. g5 f5 35. g4 Bc6 36. gxf5 gxf5 37. exf5 Rxf3+ 38. Rxf3 Bxf3 39. f6+ 1-0

[Event "XIX Auto Veteranos G-B"]
[Site "?"]
[Date "2021.??.??"]
[Round "3.6"]
[White "Burillo, Amelia"]
[Black "López Carcas, Jesús"]
[Result "0-1"]
[WhiteElo "1198"]
[BlackElo "1314"]
[PlyCount "88"]
[EventDate "2021.05.25"]

1. d4 Nf6 2. c4 c6 3. e3 d5 4. Nf3 Nbd7 5. Bd3 Qc7 6. O-O e5 7. Be2 Bd6 8. dxe5
Nxe5 9. Nbd2 Be6 10. b3 h5 11. Bb2 Nxf3+ 12. Nxf3 O-O-O 13. Qc2 Rdg8 14. c5 Be7
15. b4 g5 16. Be5 Qd7 17. Qb2 Rh6 18. Rfd1 Ng4 19. Bc3 h4 20. h3 Nf6 21. a4 g4
22. hxg4 Nxg4 23. Ne5 Nxe5 24. Bxe5 h3 25. g3 Bf5 26. Bf1 h2+ 27. Kh1 Be4+ 28.
Bg2 Bxg2+ 29. Kxg2 Qg4 30. Bf4 Rhg6 31. Qe5 Kd7 32. Qc7+ Ke8 33. Qb8+ Bd8 34.
Bc7 Qe4+ 35. f3 Qe7 36. Bd6 Qd7 37. b5 f6 38. bxc6 Qxc6 39. Rab1 Qxa4 40. Rxb7
Qc2+ 41. Kh1 Qxd1+ 42. Kxh2 Rh6+ 43. Kg2 Qe2+ 44. Kg1 Qe1+ 0-1

[Event "XIX Auto Veteranos G-B"]
[Site "?"]
[Date "2021.??.??"]
[Round "3.8"]
[White "Modrego, Aurelio"]
[Black "Argüeso, Manuel"]
[Result "0-1"]
[WhiteElo "1056"]
[BlackElo "1515"]
[PlyCount "76"]
[EventDate "2021.05.25"]

1. e4 c6 2. d4 d5 3. exd5 cxd5 4. Nc3 a6 5. Bd3 Nc6 6. Nge2 Nf6 7. f3 e5 8. a3
exd4 9. Na2 Bd6 10. Bg5 O-O 11. O-O h6 12. Bh4 Qb6 13. b4 Nd7 14. f4 Ne7 15.
Bf2 Nc6 16. c4 dxc4 17. Bxc4 Nf6 18. Bxd4 Nxd4 19. Qxd4 Qxd4+ 20. Nxd4 Re8 21.
Rae1 Bd7 22. g3 Rac8 23. Bb3 Bb8 24. Rxe8+ Rxe8 25. Nc3 Bg4 26. Kg2 Ba7 27. Nc2
Rc8 28. Nd1 Ne4 29. Nce3 Bxd1 30. Rxd1 Bxe3 31. Rd7 Rf8 32. Rxb7 Nd6 33. Rd7
Nb5 34. a4 Nd4 35. Bc4 a5 36. bxa5 Ne6 37. f5 Nc5 38. Bb5 Nxd7 0-1

[Event "XIX Auto Veteranos G-B"]
[Site "?"]
[Date "2021.??.??"]
[Round "4.1"]
[White "Hernández, Gabriel"]
[Black "Navarro, Jesús"]
[Result "1/2-1/2"]
[WhiteElo "1870"]
[BlackElo "1625"]
[PlyCount "60"]
[EventDate "2021.05.25"]

1. d4 Nf6 2. Nf3 d5 3. g3 Bf5 4. Bg2 e6 5. O-O h6 6. c4 Be7 7. Qb3 Qc8 8. Nc3
dxc4 9. Qxc4 O-O 10. Bf4 c6 11. Rac1 Nbd7 12. Ne5 Nxe5 13. Bxe5 Nd7 14. Bf4 g5
15. Bd2 Nb6 16. Qb3 Qd7 17. e4 Bg6 18. Be3 Kh7 19. a4 Rad8 20. a5 Nc8 21. e5 f5
22. exf6 Bxf6 23. Ne4 Bxd4 24. Rcd1 e5 25. Nc5 Qf7 26. Qxb7 Qxb7 27. Nxb7 Rd7
28. Bxc6 Rc7 29. Bxd4 exd4 30. Bg2 d3 1/2-1/2

[Event "XIX Auto Veteranos G-B"]
[Site "?"]
[Date "2021.??.??"]
[Round "4.2"]
[White "Antoñano, Avelino"]
[Black "Sarto, Ángel"]
[Result "1/2-1/2"]
[WhiteElo "2044"]
[BlackElo "1816"]
[PlyCount "47"]
[EventDate "2021.05.25"]

1. e4 e6 2. d4 d5 3. Nd2 dxe4 4. Nxe4 Nd7 5. Nf3 Ngf6 6. Bd3 Nxe4 7. Bxe4 Nf6
8. Bg5 Be7 9. Bxf6 gxf6 10. Qe2 c6 11. c3 Qc7 12. O-O-O Bd7 13. Kb1 O-O-O 14.
c4 Kb8 15. Qc2 f5 16. Bd3 f6 17. Rhe1 Bb4 18. Re2 Qf4 19. c5 Ba5 20. Bc4 Rhg8
21. Re3 Rxg2 22. Ra3 Bb4 23. Rb3 Ba5 24. Re3 1/2-1/2

[Event "XIX Auto Veteranos G-B"]
[Site "?"]
[Date "2021.??.??"]
[Round "4.4"]
[White "López Carcas, Jesús"]
[Black "Lasierra, Javier"]
[Result "0-1"]
[WhiteElo "1314"]
[BlackElo "1307"]
[PlyCount "86"]
[EventDate "2021.05.25"]

1. e4 d5 2. exd5 Qxd5 3. d4 Nf6 4. Nc3 Qa5 5. h3 e6 6. Nf3 c6 7. Bd3 Bb4 8. Bd2
O-O 9. O-O Nbd7 10. a3 Bd6 11. Ne4 Qc7 12. Nxd6 Qxd6 13. Bb4 c5 14. dxc5 Qc6
15. c4 a5 16. Bc3 Qxc5 17. b4 Qc6 18. Qc2 b6 19. Nd4 Qc7 20. Nb5 Qc6 21. Rae1
Bb7 22. f3 Rfe8 23. Be4 Nxe4 24. Rxe4 e5 25. Rfe1 f6 26. Qd3 Re6 27. Rh4 h6 28.
Qg6 Kh8 29. Ree4 Ba6 30. Rxh6+ gxh6 31. Rg4 Re7 32. Qxh6+ Rh7 33. Qg6 Bxb5 34.
c5 bxc5 35. Be1 cxb4 36. axb4 a4 37. Bd2 Qd5 38. Bh6 Rg8 39. Qh5 Rxg4 40. fxg4
Qg8 41. h4 Be2 42. Bg7+ Qxg7 43. Qe8+ Qg8 0-1

[Event "XIX Auto Veteranos G-B"]
[Site "?"]
[Date "2021.??.??"]
[Round "4.5"]
[White "Lorente, Antonio"]
[Black "Pes, Ángel"]
[Result "0-1"]
[WhiteElo "1557"]
[BlackElo "1922"]
[PlyCount "95"]
[EventDate "2021.05.25"]

1. e4 c5 2. Nc3 a6 3. Nf3 d6 4. d4 cxd4 5. Nxd4 Nf6 6. Bd3 g6 7. O-O Bg7 8. Re1
O-O 9. Nf3 Nc6 10. a3 b5 11. Nd5 e6 12. Ne3 Bb7 13. Nf1 Ng4 14. c3 Qb6 15. Ne3
Nge5 16. Nxe5 Nxe5 17. Ng4 Nxd3 18. Qxd3 h5 19. Ne3 Rfd8 20. Nc2 Qc7 21. Bf4 g5
22. Bxg5 f6 23. Be3 Qc6 24. f3 a5 25. Rad1 Kh7 26. Qe2 Rd7 27. Rd2 Rad8 28.
Red1 d5 29. exd5 Rxd5 30. Rxd5 Rxd5 31. Rxd5 Qxd5 32. Qd2 f5 33. Qxd5 Bxd5 34.
Kf2 Kg8 35. Ne1 Bc4 36. Bb6 a4 37. Nc2 Kf7 38. g3 Ke7 39. Ke3 Kd6 40. f4 Bh6
41. Ba7 Kc7 42. Ne1 e5 43. Nf3 exf4+ 44. gxf4 h4 45. Nxh4 Bf8 46. Kf2 Bg7 47.
Kg3 Kd6 48. Be3 0-1

[Event "XIX Auto Veteranos G-B"]
[Site "?"]
[Date "2021.??.??"]
[Round "4.6"]
[White "Casterá, Rafael"]
[Black "Úbeda, Ángel"]
[Result "1-0"]
[WhiteElo "1656"]
[BlackElo "1381"]
[PlyCount "131"]
[EventDate "2021.05.25"]

1. e4 c5 2. Nc3 d6 3. f4 g6 4. Nf3 e6 5. Bc4 a6 6. a4 Bg7 7. O-O Nf6 8. d3 O-O
9. Qe1 Nc6 10. e5 dxe5 11. fxe5 Nd7 12. Bf4 Qc7 13. Qh4 h5 14. Ne4 Ncxe5 15.
Nfg5 Qb6 16. Nd2 Nxc4 17. Nxc4 Qd8 18. Bd6 Bf6 19. Rxf6 Qxf6 20. Bxf8 Nxf8 21.
Rf1 Qd4+ 22. Qxd4 cxd4 23. Nxf7 b5 24. Nb6 Rb8 25. a5 Nd7 26. Nxd7 Bxd7 27. Ne5
Be8 28. Rf6 Rc8 29. Rxe6 Bf7 30. Rxa6 Rxc2 31. Ra8+ Kg7 32. Ra7 Rxb2 33. Rxf7+
Kh6 34. a6 Ra2 35. a7 b4 36. Nc4 b3 37. Rb7 Kg5 38. Rb5+ Kf4 39. g3+ Kf3 40.
Ne5+ Ke3 41. Rxb3 Rxa7 42. Nxg6 Kf3 43. Ne5+ Ke3 44. Kg2 Ra2+ 45. Kh3 Re2 46.
g4 Kf4 47. Ng6+ Kg5 48. gxh5 Re3+ 49. Kg2 Kxh5 50. Nf4+ Kg4 51. Nd5 Re2+ 52.
Kg1 Kf3 53. h4 Kg3 54. Kf1 Rh2 55. Rb8 Rxh4 56. Rg8+ Kf3 57. Rf8+ Kg3 58. Ke2
Rh2+ 59. Kd1 Rh1+ 60. Kc2 Rh2+ 61. Kb3 Rd2 62. Kc4 Ra2 63. Kxd4 Ra4+ 64. Ke5
Ra3 65. d4 Ra5 66. Ke4 1-0

[Event "XIX Auto Veteranos G-B"]
[Site "?"]
[Date "2021.??.??"]
[Round "4.7"]
[White "Pinilla, José Carlos"]
[Black "Pellicer, Rafael José"]
[Result "0-1"]
[WhiteElo "1157"]
[BlackElo "1614"]
[PlyCount "84"]
[EventDate "2021.05.25"]

1. e4 e5 2. c4 Nc6 3. Nc3 Nf6 4. Nf3 Bc5 5. h3 a6 6. b3 O-O 7. d3 h6 8. Be2 Re8
9. O-O Nd4 10. Na4 Nxe2+ 11. Qxe2 Ba7 12. Bb2 d6 13. Rac1 b5 14. cxb5 axb5 15.
Nc3 c6 16. b4 Nh5 17. Nh2 Ng3 18. Qf3 Nxf1 19. Nxf1 Bd4 20. Ng3 g6 21. Rc2 Qh4
22. Kh2 h5 23. Nce2 Bg4 24. Nf5 Bxf3 25. Nxh4 Bxe2 26. Bxd4 Bxd3 27. Rd2 Bxe4
28. Be3 Bd5 29. g4 hxg4 30. hxg4 Rxa2 31. Rd1 Rea8 32. Kg3 Rb2 33. f4 Ra3 34.
Re1 exf4+ 35. Kxf4 Rxb4+ 36. Kg5 Re4 37. Kf6 Rexe3 38. Rf1 Rf3+ 39. Nxf3 Rxf3+
40. Rxf3 Bxf3 41. g5 d5 42. Ke5 b4 0-1

[Event "XIX Auto Veteranos G-B"]
[Site "?"]
[Date "2021.??.??"]
[Round "4.9"]
[White "García, Obdulio"]
[Black "Modrego, Aurelio"]
[Result "1-0"]
[WhiteElo "1638"]
[BlackElo "1056"]
[PlyCount "71"]
[EventDate "2021.05.25"]

1. e4 e6 2. d4 b6 3. c4 Bb7 4. Nc3 Bb4 5. Bd3 Bxc3+ 6. bxc3 Ne7 7. Nf3 h6 8.
O-O d6 9. Bd2 Nd7 10. Qc2 g5 11. d5 e5 12. a4 a5 13. h3 Ng6 14. g3 f6 15. Be2
Rb8 16. Nh2 h5 17. f4 gxf4 18. gxf4 Ke7 19. f5 Nh4 20. Kh1 Qe8 21. Be1 Nxf5 22.
Rxf5 Qg6 23. Bf2 Rbg8 24. Rg1 Qf7 25. Rxg8 Qxg8 26. Rxh5 Bc8 27. Rxh8 Qxh8 28.
Bg4 Nc5 29. Bxc8 Qxc8 30. Bxc5 bxc5 31. Ng4 Qh8 32. Kh2 Qh4 33. Qf2 Qg5 34. Kg3
Qg6 35. Qf5 Qxf5 36. exf5 1-0